00642nam a2200229 a 4500003000400000005001700004008004100021040002400062041000800086082001800094100001900112245006100131250001200192260006400204300001000268440004000278653001800318653001900336700002100355700001800376856001800394OSt20131017192239.0131017s2002 ag ||||| |||| 00| 0 spa d cBiblioteca Medicina aspa bCONGRESOS 0391 aPecheny, Mario00aSeminario V: Vida cotidiana con VIH-SIDA y/o Hepatitis C a1ยบ ed. aBuenos AiresbCentro de Estudios de Estado y Sociedadc2002 a49 p. 0aSeminarios Salud y Politica Publica aVIH-PACIENTES aSIDA-PACIENTES1 aManzelli, Hernan1 aJones, Daniel awww.cedes.org